| 000 | 00772nam a2200205Ii 4500 | ||
|---|---|---|---|
| 003 | JO-AjNU | ||
| 008 | 230605s9999||||xx |||||||||||||| ||und|| | ||
| 040 |
_aJO-AjNU _bara _erda _cJO-AjNU |
||
| 041 | _aara | ||
| 050 | 1 | 4 | _aBF38.B3648.2002 |
| 100 | 3 |
_aبني جابر،جودت ، العزة،سعيد حسني ، المعايطة،عبد العزيز , _eauthor _926814 |
|
| 245 | 0 | 0 | _aالمدخل الى علم النفس |
| 250 | _aط1 الاصدار الاول | ||
| 264 | 3 | 1 | _aعمان،دار الثقافة للنشر والتوزيع ، الدار العلمية الدولية ،2002 |
| 300 | _a451ص | ||
| 336 |
_atext _btxt _2rdacontent |
||
| 337 |
_aunmediated _bn _2rdamedia |
||
| 338 |
_avolume _bnc _2rdacarrier |
||
| 650 | 4 |
_aعلم النفس _926815 |
|
| 999 |
_aA10205 _c13773 _d13773 |
||